| 000 | 00460nam a2200181Ia 4500 | ||
|---|---|---|---|
| 005 | 20250423101325.0 | ||
| 008 | 250422s9999 xx 000 0 und d | ||
| 020 | _a1-56924-564-9 | ||
| 050 | _aHQ76.3.U5 M335 | ||
| 100 | _aBruce Shenitz | ||
| 245 | 4 | _aThe Man I Might Become: Gay Men Write About Their Fathers | |
| 260 | _aNew York | ||
| 260 | _bMarlowe & Company | ||
| 260 | _c2002 | ||
| 300 | _a281 p | ||
| 650 | _aFamily Relationships | ||
| 942 | _cBK | ||
| 999 |
_c35971 _d35971 |
||